000 00311nam a22001337a 4500
008 170728b xxu||||| |||| 00| 0 eng d
020 _a9780078251009
041 _aeng
080 _a621
100 _a26
101 _aIM
245 _aMECHANICAL DRAWING BOARD & CAD TECHNIQUES
_cFRENCH,TH.E
942 _2udc
_cBK
999 _c22104
_d22104